00448nam a2200181Ia 4500003000400000005001700004008004100021020002200062040000700084041000800091082002200099100001900121245004700140250000600187260003900193300001700232365001700249OSt20230503112919.0210423s2016 xx 000 0 und d a978-3-319-24845-5 cAL aeng a541.37 223bPERE aPEREZ (Nestor) aElectrochemistry and corrosion science Ed2 a2 aSwitzerlandbSpringer Verlagc2016 axvii,455bHB b6974.07cEUR